000 01942nam a22003017a 4500
005 20110913102053.0
010 _aENG-103666 B-459120
020 _a9788132106418
_c795.00
035 _aEN-87199 B-459120
037 _bDBAD/PUB
037 _bAllied Pub/Ven
082 0 0 _a338.954
245 0 0 _aMigration, remittances, and development in South Asia /
_cedited by Saman Kelegama
260 _aNew Delhi
_bSAGE Publications
_c2011
270 _aB1/ I-1, Mohan Cooperative Industrial Area, Mathura Road
_bNew Delhi
_e110044
300 _axxii,346p.
_c22cm (Hb)
500 _aIncludes bibliographical references and index.
505 0 _aCountry studies -- India / S. Irudaya Rajan -- Pakistan / Rizwana Siddiqui -- Sri lanka / Nisha Arunatilake, Priyanka Jayawardena and Dushni Weerakoon -- Bangladesh / Selim Raihan and Syed Al-Helal Uddin -- Nepal / Jagannath Adhikari -- Bhutan / Sonam Tobgay -- The maldives / Deshal De Mel and Suwendrani Jayaratne -- Afghanistan / Tilani Jayawardhana and Roshini Jayaweera -- South asia -- South asia : issues on migration and development / Piyasiri Wickramasekara -- Case for a south asia migration commission / Farooq Sobhan.
650 0 _aEmigrant remittances
_zSouth Asia.
_947205
650 0 _aEconomic development
_zSouth Asia.
_947206
650 0 _aEmigration and immigration
_zSouth Asia.
_947207
700 1 _aKelegama, Saman
_934691
942 _2ddc
_cEN
_h338.954
_mMIG
999 _c56552
_d56552